|
|
|
|
| LEADER |
00000nab a2200000 a 4500 |
| 001 |
vtls000221341 |
| 003 |
SK-MaSNL |
| 005 |
20260302221802.0 |
| 008 |
160201c1985 xo 0 slo |
| 015 |
|
|
|a SNBRB19rr/mm-uuuuu
|
| 035 |
|
|
|a CL0231455
|
| 040 |
|
|
|a SNKBUCL
|b slo
|c SNKBUCL
|e AACR2
|
| 041 |
0 |
|
|a slo
|
| 044 |
|
|
|a xo
|c SK
|
| 080 |
|
|
|a 796.83.093.1-053.67
|2 1981
|
| 100 |
1 |
|
|a (rb)
|4 aut
|9 854137
|
| 245 |
1 |
0 |
|a Našli sme sa v piatom pokuse
|b Na margo stretnutia ČSSR-Maďarsko v boxe juniorov
|c (rb)
|
| 300 |
|
|
|b Obr. 1.
|
| 650 |
0 |
7 |
|a box
|2 snkbucl
|9 3272
|
| 651 |
|
7 |
|a 3706
|2 snkbucl
|9 923924
|
| 655 |
|
7 |
|a články z novín a časopisov
|2 snkbucl
|9 267496
|
| 773 |
0 |
|
|t Šport
|g Roč. 39, č. 137 (13. 6. 1985), s. 2
|
| 850 |
|
|
|a Slovenská národná knižnica v Martine
|a MTA001
|
| 852 |
|
|
|a SNK
|b KIS3GCP
|
| 958 |
|
|
|a RK
|
| 958 |
|
|
|a CZ
|
| 992 |
|
|
|a RBX
|
| 999 |
|
|
|c 1513465
|d 1515395
|